| 000 | 00594 a2200193 4500 | ||
|---|---|---|---|
| 003 | Nust | ||
| 005 | 20230202135803.0 | ||
| 010 | _a78930560 | ||
| 040 | _cNust | ||
| 082 | _a920.2,LAM | ||
| 100 |
_aLamb, Harold, _9108531 |
||
| 245 |
_aGenghis Khan, _bThe emperor of all men / _cHarold Lamb |
||
| 260 |
_aLahore _bSh. Mubarak Ali _c1978 |
||
| 300 |
_a287 p _billus _cmaps _e22 cm |
||
| 505 | _aThe Desert (Page-19), Cathay (Page-77), The Sword Arm Of Islam (Page-108), Afterword (Page-188). | ||
| 600 |
_aLamb, Harold, _9108531 |
||
| 650 |
_aHarold lamb _9108532 |
||
| 942 |
_2ddc _cBK _k920.2,LAM |
||
| 999 |
_c187310 _d187310 |
||